000
002560000a22000970004500
100
1
_a
McKay, K.L.
245
1
0
_a
Time and aspect in New Testament Greek
300
_a
Vol. 34, Num. 3 (Julio, 1992), Páginas 209-228
773
0
_t
Novum Testamentum
942
_c
ANA
999
_c
56827
_d
56827